000 00322nam a2200121Ia 4500
008 220204s9999 xx 000 0 und d
082 _a620.193
_bLAQ
100 _aLaque, Fracis L
245 0 _aMarine corrosion: Causes and prevention
260 _aNew Jersey
_bJohn Wiley
_c1975
650 _aMarine corrosion
942 _cBK
999 _c26986
_d26986